Vai trò của tổ chức công đoàn cơ sở trong việc tranh chấp lao động và hạn chế đình công chưa đúng luật

Đã lưu trong:
Bibliografiske detaljer
Hovedforfatter: Liên đoàn lao động Tp. Hà Nội
Format: Bog
Sprog:Undetermined
Udgivet: H LĐXH 2000
Fag:
Tags: Tilføj Tag
Ingen Tags, Vær først til at tagge denne postø!
Thư viện lưu trữ: Trung tâm Học liệu Trường Đại học Cần Thơ
LEADER 00734nam a2200205Ia 4500
001 CTU_52112
008 210402s9999 xx 000 0 und d
020 |b 15000 
082 |a 334.59701'88 
082 |b L305 
100 |a Liên đoàn lao động Tp. Hà Nội 
245 0 |a Vai trò của tổ chức công đoàn cơ sở trong việc tranh chấp lao động và hạn chế đình công chưa đúng luật 
245 0 |c Liên đoàn lao động Tp. Hà Nội 
260 |a H 
260 |b LĐXH 
260 |c 2000 
650 |a trade-unions,labor laws and legislation 
650 |x law and legislation 
650 |z vietnam 
980 |a Trung tâm Học liệu Trường Đại học Cần Thơ